000
00245nam a22001097a 4500
082
_a
621.381528 KIV
100
_a
PDF
_9
56879
245
_a
TRANSISTOR AND INTEGRATED ELECTRONICS
260
_a
NEW YORK
_b
PDF
_c
1960
300
_a
671P
942
_c
BK
999
_c
583063
_d
583063